| 000 | 00621nam a2200289Ia 4500 | ||
|---|---|---|---|
| 005 | 20260401122342.0 | ||
| 008 | 008 250103s9999 xx 000 0 eng d | ||
| 037 | _aTB | ||
| 040 | _aEDL | ||
| 040 | _beng | ||
| 040 | _cEDL | ||
| 041 | _2eng | ||
| 041 | _aeng | ||
| 084 | _a306.4 WIL | ||
| 084 | _qEDL | ||
| 100 | _aWilliams, Raymond | ||
| 245 | 0 | _aCulture and Society 1780-1950 | |
| 245 | 0 | _cWilliams, Raymond | |
| 260 | _aNew-York | ||
| 260 | _bAnchor Books | ||
| 260 | _c1960 | ||
| 300 | _a382p | ||
| 942 | _cTB | ||
| 942 | _h306.4 WIL | ||
| 999 |
_c1846723 _d1846723 |
||